| 000 | 00438nam a2200169Ia 4500 | ||
|---|---|---|---|
| 003 | GCL | ||
| 008 | 140319s9999 xx 000 0 ara d | ||
| 040 |
_aGCL / _cGCL |
||
| 082 | 0 | 4 |
_a819.9 _bع ع |
| 100 | 1 | _aعباس محمود العقاد | |
| 245 | 1 | 0 |
_aعبقرية جيتى / _cعباس محمود العقاد |
| 300 | _a202 ص | ||
| 490 | _a | ||
| 650 | 0 | 4 | _aالادب الالمانى |
| 650 | 0 | 4 | _aجيتى |
| 942 |
_2ddc _cBK |
||
| 999 |
_c38101 _d38101 |
||